Culture Générale - Série 1680 - Statistiques

Statistiques générales
  • Ce quiz a été pris 114 fois
  • Le résultat moyen est 8 sur 10
Statistiques - réponses
Question Réponse % Correct
De quelle lettre majuscule la Croix de Saint-Antoine a-t-elle la forme ? T
98%
Lorsque l’éloignement de deux personnes affaiblit l’affection qu’elles se portent, il est coutume de dire : "Loin de yeux, loin du... coeur
96%
Je peux être "miraculeuse", "au gros", "sous-marine" ou "à la ligne", que suis-je ? pêche
95%
Dans quel pays doit-on se rendre si l'on veut bronzer sur les plages d'Acapulco ? Mexique
89%
Quel président de la cinquième République a nommé Edith Cresson au poste de Premier ministre en 1991 ? François Mitterrand
81%
Au Québec, quel appareil appelle-t-on "ivressomètre" ? éthylotest
75%
Quel titre venant du latin "Caesar", l'empereur de Russie Ivan IV le Terrible prit-il en 1547 ? tsar
73%
Quelle ville de Tunisie était opposée à Rome, lors des guerres puniques ? Carthage
71%
Comment s'appelle la graine comestible contenue dans la pomme de pin du pin parasol ? pignon
53%
Qui est l'auteur de la pièce de théâtre “Le Soulier de satin” ? Paul Claudel
20%
Aucun quiz correspondant
Distribution des résultats
% des personnes avec chaque résultat
Percentile par nombre de réponses
Votre historique - résultats
Vous n’avez pas pris ce quiz